000 00405nam a22001577a 4500
005 20250802105742.0
008 250802b |||||||| |||| 00| 0 eng d
020 _a9788120803251
040 _cILCL
041 _2eng
_aeng
100 _aAltekar, A S
245 _aThe Position of Women in Hindu Civilization
260 _aDelhi
_bMotilal Banarasidass
_c2016
300 _axvi,378p.
942 _2CC
_cTB
999 _c1434451
_d1434451